000 00981nam a22001937a 4500
999 _c58711
_d58711
005 20220704113204.0
008 220704s2007ge xxu||||| |||| 00| 0 ger d
020 _a978-3-939394-13-6
080 _a37 B-94
100 _aBünning, Frank
_914283
245 _aApproaches to Action Learning in Technical and Vocational Education and Training (TVET) /
_cFrank Bünning.
264 _aBonn:
_bUNEVOC,
_c2007.
300 _a60 p:.
_bill,
_c18 cm.
653 _aApproaches to Action Learning in Technical and Vocational Education and Training (TVET)
653 _aსამოქმედო სწავლების მიდგომები ტექნიკურ და პროფესიაში განათლება და ტრენინგი (TVET)
653 _aგანათლება
856 _uhttps://unevoc.unesco.org/fileadmin/user_upload/pubs/ActionLearning.pdf
_ypdf ელექტრონული ვერსია
942 _2udc
_cBK